La técnica de la estadística en la olicultura / (Record no. 129032)

MARC details
000 -LEADER
campo de control de longitud fija 00877nam a2200169 i 4500
001 - NÚMERO DE CONTROL
campo de control 129032
003 - IDENTIFICADOR DE NÚMERO DE CONTROL
campo de control ES-MaACL
007 - CAMPO FIJO DE DESCRIPCIÓN FÍSICA--INFORMACIÓN GENERAL
campo de control de longitud fija t|
008 - DATOS DE LONGITUD FIJA--INFORMACIÓN GENERAL
campo de control de longitud fija 070604s1950 sp ||||1| spa d
245 03 - MENCIÓN DEL TÍTULO
Título La técnica de la estadística en la olicultura /
Mención de responsabilidad, etc. [publicación al cuidado de Marcial Polo Díez].
260 ## - PUBLICACIÓN, DISTRIBUCIÓN, ETC.
Lugar de publicación, distribución, etc. Madrid :
Nombre del editor, distribuidor, etc. Sindicato Vertical del Olivo,
Fecha de publicación, distribución, etc. 1950.
300 ## - DESCRIPCIÓN FÍSICA
Extensión 89 p. ;
Dimensiones 24 cm.
505 8# - NOTA DE CONTENIDO CON FORMATO
Nota de contenido con formato Contiene: Congreso Oleicultura Técnica.-- La Técnica Estadística en las operaciones comerciales de los productos del olivo por Gonzalo Arnáiz y Francisco Torras.-- Predicción y estimación de cosechas por muestreo por Enrique Cansado.-- La importancia del muestreo en la recolección agrícola y su aplicación a la aceituna por Francisco Azorín
700 1# - ENTRADA AGREGADA--NOMBRE PERSONAL
Nombre de persona Polo Díez, Marcial.
9 (RLIN) 92877
710 2# - ENTRADA AGREGADA--NOMBRE DE ENTIDAD CORPORATIVA
Nombre de entidad corporativa o nombre de jurisdicción como elemento de entrada Sindicato Vertical del Olivo.
9 (RLIN) 6618
852 ## - LOCALIZACIÓN
Ubicación ES-MaACL
Número de control de estantería E-3416
Holdings
Estatus retirado Estado de pérdida Estado de daño No para préstamo Biblioteca de origen Biblioteca actual Ubicación en estantería Fecha de adquisición Fuente de adquisición Total de préstamos Signatura topográfica completa Código de barras Visto por última vez Precio de reemplazo Tipo de ítem Koha
        Biblioteca del Ateneo de Madrid Biblioteca del Ateneo de Madrid Depósito 2 17/01/2008     E-3416 1134373 23/02/2023 23/02/2023 Libro impreso